Catálogo
 En Linea

General Francisco del Rosario Sánchez : (Registro nro. 30413)

Detalles MARC
000 -CABECERA
campo de control de longitud fija 00873nam a2200205 a 4500
001 - NÚMERO DE CONTROL
campo de control 000030921
003 - IDENTIFICADOR DEL NÚMERO DE CONTROL
campo de control DO-SdBNP
005 - FECHA Y HORA DE LA ÚLTIMA TRANSACCIÓN
campo de control 20220204121120.0
008 - DATOS DE LONGITUD FIJA--INFORMACIÓN GENERAL
campo de control de longitud fija 110607s1935 dr c 000 0 spa d
040 ## - FUENTE DE LA CATALOGACIÓN
Centro catalogador/agencia de origen DO-SdBNP
Lengua de catalogación spa
Centro/agencia transcriptor BNPHU
049 ## - FONDOS LOCALES (OCLC)
Fondos de biblioteca BNPD
082 ## - NÚMERO DE LA CLASIFICACIÓN DECIMAL DEWEY
Número de clasificación xxx
Número de documento/Ítem S211g
100 1# - ENTRADA PRINCIPAL--NOMBRE DE PERSONA
Nombre de persona Sánchez Lustrino, Gilberto
9 (RLIN) 37800
245 10 - MENCIÓN DE TÍTULO
Título General Francisco del Rosario Sánchez :
Resto del título procer ilustre de nuestra independencia /
Mención de responsabilidad, etc. Gilberto Sánchez Lustrino.
260 ## - PUBLICACIÓN, DISTRIBUCIÓN, ETC.
Lugar de publicación, distribución, etc. Santo Domingo :
Nombre del editor, distribuidor, etc. La nación,
Fecha de publicación, distribución, etc. 1935.
300 ## - DESCRIPCIÓN FÍSICA
Extensión 7 p. :
Otras características físicas retrs. ;
Dimensiones 23 cm.
500 ## - NOTA GENERAL
Nota general Discurso pronunciado por el Lic. Gilberto Sánchez, a nombre del gobierno nacional, en el Baluarte de Conde, para conmemorar el 118 aniversario del nacimiento del prócer Francisco del Rosario Sánchez, el 9 de marzo de 1935.
600 10 - PUNTO DE ACCESO ADICIONAL DE MATERIA--NOMBRE DE PERSONA
Nombre de persona Sánchez, Francisco del Rosario,
Fechas asociadas al nombre 1817-1861
9 (RLIN) 81140
942 ## - ELEMENTOS DE PUNTO DE ACCESO ADICIONAL (KOHA)
Fuente del sistema de clasificación o colocación Dewey Decimal Classification
Tipo de ítem Koha Libro
Existencias
Estado de retiro Estado de pérdida Restricciones de uso No para préstamo Código de colección Localización permanente Ubicación/localización actual Ubicación en estantería Fecha de adquisición Número de inventario Total de préstamos Signatura topográfica completa Código de barras Fecha visto por última vez Precio válido a partir de Tipo de ítem Koha Nota pública
      Excluido de préstamo Raros y valiosos Patrimonio Dominicano Patrimonio Dominicano En catalogación 07.06.2011 LF1   xxx S211g 30921-10 25.06.2020 25.06.2020 No se presta Perteneció a la colección Martínez Boog

Con tecnología Koha